Todo es otro : a la caza del lenguaje en tiempos Light /

Guardat en:
Dades bibliogràfiques
Autor principal: Yépez, Heriberto (autor)
Format: Llibre
Idioma:espanyol
Publicat: México : CONACULTA, 2002, c2002
Col·lecció:(Tierra Adentro ; 247)
Matèries:
Etiquetes: Afegir etiqueta
Sense etiquetes, Sigues el primer a etiquetar aquest registre!

MARC

LEADER 00000nam^a2200000^a^4500
001 000150902
005 20250521000000.0
009 20260526124638.259
020 |a 970-18-8284-9 
037 |a Acervo ITESO - Biblioteca 
041 |a ESP 
082 |a 306. 44  |b YEP 
100 |a Yépez, Heriberto  |e (autor) 
245 1 0 |a Todo es otro :  |b a la caza del lenguaje en tiempos Light /  |c H. Yépez. 
264 4 |a México :  |b CONACULTA,  |c 2002, c2002 
300 |a 214 p. 
336 |a texto  |b txt  |2 rdacontenido 
337 |a sin mediación  |b n  |2 rdamedio 
338 |a volumen  |b nc  |2 rdasoporte 
440 1 |a (Tierra Adentro ;  |v 247) 
649 |a XX 
650 |a Lenguaje y Pensamiento 
650 |a Lenguaje y Lenguas 
650 |a Comunicación Verbal 
650 |a Comunicación Oral 
650 |a Comunicación Escrita 
650 |a Competencia Comunicativa 
650 |a Género y Lenguaje 
650 |a Recepción y Apropiación de la Comunicación 
650 |a Lingüística 
650 |a Diversidad Cultural 
650 |a Diferencia y Otredad 
650 |a Modernidad y Posmodernidad 
650 |a Sociedad Postindustrial 
910 |a Fondo General 
920 |a Impresos - Libros 
930 |a Colección General 
905 |a 101 
901 |a 0500080302  |b IT1  |c ACC  |u 20250521 
902 |a https://opac.biblio.iteso.mx/vufind/Record/000150902